Spotlight on literature (Gold level)
Đã lưu trong:
| 格式: | 图书 |
|---|---|
| 出版: |
1997
|
| 标签: |
添加标签
没有标签, 成为第一个标记此记录!
|
| Thư viện lưu trữ: | Mạng thư viện Đại học Đà Nẵng |
|---|
| LEADER | 00445nam a22001811a 4500 | ||
|---|---|---|---|
| 001 | 000037850 | ||
| 003 | 14145 | ||
| 005 | 20160412021151.0 | ||
| 008 | 160412s1997 000 | ||
| 082 | |a 4A(07)1307 | ||
| 245 | |a Spotlight on literature (Gold level) |c Lynne Rienner | ||
| 260 | |c 1997 | ||
| OWN | |a LNN | ||
| 999 | |a From the UDN01 | ||
| TYP | |a Monograph | ||
| 980 | |a Mạng thư viện Đại học Đà Nẵng | ||